Formale logik
Αποθηκεύτηκε σε:
| Κύριος συγγραφέας: | |
|---|---|
| Μορφή: | Βιβλίο |
| Γλώσσα: | German |
| Δημοσίευση: |
Berlin :
W. de Gruyter & Co.,
1958
|
| Σειρά: | Sammlung Goschen
; 1176/1176 a |
| Θέματα: | |
| Ετικέτες: |
Προσθήκη ετικέτας
Δεν υπάρχουν, Καταχωρήστε ετικέτα πρώτοι!
|
MARC
| LEADER | 00000cam a2200000 a 4500 | ||
|---|---|---|---|
| 001 | 1/106602 | ||
| 008 | 150528s1958####gw | ||| |||| ||ger|| | ||
| 040 | |a GR-MyUa |b gre |c GR-MyUa |e AACR2 | ||
| 041 | 0 | |a ger | |
| 082 | 7 | |a 160 |2 (23) | |
| 100 | 1 | |a Lorenzen, Paul, |d 1915-1994. | |
| 245 | 1 | 0 | |a Formale logik / |c von Paul Lorenzen. |
| 260 | |a Berlin : |b W. de Gruyter & Co., |c 1958 | ||
| 300 | |a 165 σ. : |b πίν. ; |c 16 εκ. | ||
| 490 | 1 | |a (Sammlung Goschen) |v ; 1176/1176a | |
| 650 | 0 | |a Logic | |
| 700 | 1 | |a Lorenzen, Paul, |d 1915-1994. | |
| 830 | 0 | |a Sammlung Goschen |v ; 1176/1176 a | |
| 852 | |a INST |b SAMOS |c MAG |e 20150528 |h 160 LOR |p 005300034611 |q 005300034611 |t BK |y 0 | ||
| 970 | |a Σιτζίμη |b Γιασεμή |z 2015/05/28 | ||